|
|
|
|
| LEADER |
01311nam a22002537a 4500 |
| 001 |
41075 |
| 003 |
BD-DhAAL |
| 008 |
230404t2023 bg ||||| |||| 00| 0 ben d |
| 020 |
|
|
|a 9789849708063
|
| 040 |
|
|
|a BD-DhAAL
|c BD-DhAAL
|
| 041 |
|
|
|a ben
|
| 082 |
|
|
|a 808.545
|2 23
|
| 100 |
|
|
|a মণ্ডল, নিমাই
|9 54001
|
| 245 |
|
|
|a আবৃত্তি-কণা /
|c নিমাই মণ্ডল.
|
| 260 |
|
|
|a ঢাকা :
|b স্বদেশ শৈলী,
|c ২০২৩.
|
| 300 |
|
|
|a ১১৫ পৃষ্ঠা ;
|c ২২ সে.মি.
|
| 541 |
|
|
|a Complimentary copy from Nemai Chandra Mondal
|e 41075, 42730
|
| 650 |
|
|
|a Poetry
|x Recitation.
|9 54003
|
| 650 |
|
|
|a Recitation (Education).
|9 54002
|
| 852 |
|
|
|a Ayesha Abed Library
|
| 942 |
|
|
|2 ddc
|c BK
|
| 999 |
|
|
|c 45645
|d 45645
|
| 952 |
|
|
|0 0
|1 0
|2 ddc
|4 0
|6 808_545000000000000_MON
|7 0
|9 73500
|a SCL
|b SCL
|c GEN
|d 2023-04-04
|e Complimentary copy from Nemai Chandra Mondal
|g 250.00
|l 7
|m 5
|o 808.545 MON
|p 3020041075
|r 2025-12-07
|s 2025-12-03
|t 1
|w 2023-04-04
|y BK
|x Complimentary copy from Nemai Chandra Mondal
|
| 952 |
|
|
|0 0
|1 0
|2 ddc
|4 0
|6 808_545000000000000_MON
|7 0
|9 75691
|a BRACUL
|b BRACUL
|c GEN
|d 2024-06-25
|e Complimentary copy from Nemai Chandra Mondal
|g 250.00
|l 1
|m 1
|o 808.545 MON
|p 3010042730
|r 2025-11-10
|s 2025-10-27
|t 2
|w 2024-06-25
|y BK
|x Complimentary copy from Nemai Chandra Mondal
|